000 00481 a2200193 4500
005 20250319155140.0
008 250317b |||||||| |||| 00| 0 eng d
020 _a9780323239257
_c$ 65.99
040 _aMAIN
082 _a612
_bS48I(4)
100 _aSolomon, Eldra Pearl
245 _aIntroduction to human anatomy and physiology
250 _a4th
260 _b Saunders Elsevier
300 _ax, 326
650 _aHuman Anatomy
650 _aPhysiology
942 _cBK
999 _c357257
_d357257